| 000 | 00632nam a2200241Ia 4500 | ||
|---|---|---|---|
| 005 | 20250425162614.0 | ||
| 008 | 250425s9999 xx 000 0 und d | ||
| 020 | _a9706861912 | ||
| 041 | _aspa | ||
| 082 | _a519.72 | ||
| 100 | _aARREOLA RISA, JESUS S. | ||
| 245 | 0 | _aPROGRAMACION LINEAL: UNA INTRODUCCION A LA TOMA DE DECISIONES CUANTITATIVA | |
| 250 | _a1A ED. | ||
| 260 | _aMEXICO | ||
| 260 |
_aMéxico _bTHOMSON _c2003 |
||
| 300 | _a502 | ||
| 650 | _aANALISIS DE VARIANCIA | ||
| 650 | _aPROGRAMACION LINEAL | ||
| 650 | _aTOMA DE DECISIONES | ||
| 700 | _aARREOLA RISA, ANTONIO | ||
| 942 | _c01 | ||
| 010 | _a90095 | ||
| 999 |
_c232690 _d232690 |
||